000 00563nam a2200193Ia 4500
005 20260429112253.0
008 260429s9999||||xx |||||||||||||| ||und||
020 _a9781032730875
041 _aEnglish
082 _a907.1
_bKAM
100 _aKamel, Lorenzo
245 0 _aHistory below the global :
_bon and beyond the coloniality of power in historical research /
_cLorenzo Kamel
250 _a1st ed.
260 _aLondon :
_bRoutledge,
_c2024.
300 _axxii, 207 p.; pbk
650 _a International
650 _aHistorical research
942 _cTB
999 _c53232
_d53232